Statistiques concernant Qui a gagné ?

Cliquez ici pour prendre le quiz!

Statistiques générales

  • Ce quiz a été pris 87 fois
  • Le résultat moyen est 8 sur 10

Statistiques - réponses

QuestionRéponse% Correct
Lors de la Guerre franco-allemande de 1870Allemagne
93%
Lors de la bataille de StalingradL'armée soviétique
93%
Lors de l'élection présidentielle française de 1969Georges Pompidou
91%
Lors de la bataille d'AlésiaJules César et son armée
86%
Lors de la succession de Lénine à la tête de l'URSSStaline
86%
Lors de l'élection présidentielle de 1848Louis-Napoléon Bonaparte
83%
Lors de l'invasion de l'Aghanistan par l'URSSAfghanistan et ses alliés
74%
Lors de la Guerre de Trente ansSuède/France et leurs alliés
67%
Lors de la Guerre Russo-japonaise de 1905Japon
65%
Lors des élections législatives de 1871Orléanistes
20%

Distribution des résultats

Percentile par nombre de réponses

% des personnes avec chaque résultat

Votre développement - résultats

Vous n’avez pas pris ce quiz